banner koha

Comportamento reprodutivo de Tilapia rendalli (Boulenger, 1896)na represa do Monjolinho, em Sao Carlos, estado de Sao Paulo (Pisces, Cichlidae)[tilapia, Brasil] (Registro n. 111792)

MARC details
000 -LÍDER
campo de controle de tamanho fixo 01114nas a2200313 4500
001 - NÚMERO DE CONTROLE
campo de controle BR8301595
003 - IDENTIFICADOR DO NÚMERO DE CONTROLE
campo de controle BR-BrBNA
005 - DATA E HORÁRIO DA ÚLTIMA TRANSAÇÃO
campo de controle 20231205085508.0
007 - CAMPO FIXO DE DESCRIÇÃO FÍSICA--INFORMAÇÃO GERAL
campo de controle de tamanho fixo ta
008 - CAMPO DE DADOS FIXOS--INFORMAÇÃO GERAL
campo de controle de tamanho fixo 230509b bl.|||p| |||| 00| 00por d
040 ## - FONTE DA CATALOGAÇÃO
Instituição da catalogação original BR-BrBNA
Idioma da catalogação por
Instituição que transcreveu o registro Biblioteca Nacional de Agricultura
041 ## - CÓDIGO DE IDIOMA
Código do idioma do texto/trilha sonora ou título diferente (Pt)
072 ## - CÓDIGO DE CATEGORIA DE ASSUNTO
Código de Categoria de Assunto M10
100 1# - ENTRADA PRINCIPAL--NOME PESSOAL
Nome pessoal Barbieri, G.
100 1# - ENTRADA PRINCIPAL--NOME PESSOAL
Nome pessoal Marins, M. de A.
100 1# - ENTRADA PRINCIPAL--NOME PESSOAL
Nome pessoal Verani, J.R.
100 1# - ENTRADA PRINCIPAL--NOME PESSOAL
Nome pessoal Barbieri, M.C.
100 1# - ENTRADA PRINCIPAL--NOME PESSOAL
Nome pessoal Peret, A.C.
100 1# - ENTRADA PRINCIPAL--NOME PESSOAL
Nome pessoal Pereira, J.A.
245 1# - TÍTULO
Título Comportamento reprodutivo de Tilapia rendalli (Boulenger, 1896)na represa do Monjolinho, em Sao Carlos, estado de Sao Paulo (Pisces, Cichlidae)[tilapia, Brasil]
246 1# - FORMA VARIANTE DO TÍTULO
Título/título abreviado [Reproductive behaviour of Tilapia rendalli (Boulenger, 1896)in Monjolinho dam, in Sao Carlos, Sao Paulo state (Pisces, Cichlidae)[tilapia, Brazil]]
650 ## - ASSUNTO--TERMO TÓPICO
Cabeçalho tópico ou nome geográfico TILAPIA
650 ## - ASSUNTO--TERMO TÓPICO
Cabeçalho tópico ou nome geográfico COMPORTAMENTO SEXUAL
650 ## - ASSUNTO--TERMO TÓPICO
Cabeçalho tópico ou nome geográfico SAO CARLOS
650 ## - ASSUNTO--TERMO TÓPICO
Cabeçalho tópico ou nome geográfico SAO PAULO
773 0# - ENTRADA ANALÍTICA
Título Revista Ceres (Brazil)
ISSN - International Standard Serial Number ISSN 0034-737X
Partes relacionadas (Mar 1983), v. 30(168) p. 117-132
Número de controle do registro BR8301595
909 ## -
-- 202311
-- Lúcia
-- 55
-- Lúcia Elande
942 ## - ELEMENTOS DE ENTRADA ADICIONADOS (KOHA)
Fonte da classificação ou esquema de arquivamento na estante Classificação AGRIS
Ocultar no OPAC Não
Tipo de material Koha Analítica
Exemplares
Situação do descarte Fonte da classificação ou esquema de arquivamento na estante Situação física Não pode ser emprestado Biblioteca de origem Biblioteca atual Localização na estante Enumeração do periódico / cronologia Total de empréstimos Data de último acesso Número do exemplar Tipo de material Koha Fonte de aquisição
  Classificação AGRIS   Consulta local Biblioteca Nacional de Agricultura - Binagri Biblioteca Nacional de Agricultura - Binagri   (Mar 1983), v. 30(168) p. 117-132   29/11/2023 01 Periódicos Portaria Interministerial nº 164/94

BINAGRI

Telefone: (61)3218-2567/2388/3357/2097 - binagri@agro.gov.br

Ministério da Agricultura e Pecuária , Esplanada dos Ministérios, Bloco D, Anexo B, Brasília/DF, CEP: 70.043-900